NBA Teams by Mascot Quiz Stats

 Plays Quiz Updated Nov 12, 2017

Support Sporcle.
Go Orange.
Score 0/26 Timer 06:00
0 Plays Today
% Correct
Lucky the Leprechaun (Boston Celtics)
95.9%
Crunch the Wolf (Minnesota Timberwolves)
95.9%
Pierre the Pelican (New Orleans Pelicans)
94.9%
Go the Gorilla (Phoenix Suns)
93.8%
Hugo the Hornet (Charlotte Hornets)
93.1%
Grizz (Memphis Grizzlies)
93%
Burnie (Miami Heat)
92.6%
Benny the Bull (Chicago Bulls)
92.5%
Rumble the Bison (Oklahoma City Thunder)
90.6%
Bango (Milwaukee Bucks)
90.2%
The Raptor (Toronto Raptors)
89.5%
Moondog and Sir C.C. (Cleveland Cavaliers)
89%
Champ (Dallas Mavericks)
88.4%
% Correct
G-Wiz (Washington Wizards)
88%
Boomer (Indiana Pacers)
87.9%
Jazz Bear (Utah Jazz)
87.8%
The Coyote (San Antonio Spurs)
86.4%
Harry the Hawk (Atlanta Hawks)
86.2%
Slamson the Lion (Sacramento Kings)
85.8%
Hooper (Detroit Pistons)
85.3%
Rocky the Mountain Lion (Denver Nuggets)
84.6%
Chuck the Condor (Los Angeles Clippers)
82.7%
Franklin (Philadelphia 76ers)
82%
Clutch the Bear (Houston Rockets)
79.2%
Stuff the Magic Dragon (Orlando Magic)
76.5%
Blaze the Trail Cat (Portland Trail Blazers)
73.8%

From the Vault

Song Spree - The Beatles II

by googlebird

Music 15m
We really need to come to a consensus on which person was actually the 5th Beatle.
Remove Ads.
Support Sporcle.
Get the best of Sporcle when you Go Orange. This ad-free experience offers more features, more stats, and more fun while also helping to support Sporcle. Thank you for becoming a member.

Show Comments

Extras

Top Quizzes Today


Score Distribution

Your Account Isn't Verified!

In order to create a playlist on Sporcle, you need to verify the email address you used during registration. Go to your Sporcle Settings to finish the process.

Report this User

Report this user for behavior that violates our Community Guidelines.

Details: